Harper Collins Study Bible: New Revised Standard Version (Record no. 23232)

MARC details
000 -LEADER
fixed length control field 00336nam a22001337a 4500
020 ## - INTERNATIONAL STANDARD BOOK NUMBER
ISBN 0060655801
082 ## - DEWEY DECIMAL CLASSIFICATION NUMBER
Classification number 220.52042 COL
100 ## - MAIN ENTRY--AUTHOR NAME
Author name meeks, Wayne A. (ed)
245 ## - TITLE STATEMENT
Title Harper Collins Study Bible: New Revised Standard Version
260 ## - PUBLICATION, DISTRIBUTION, ETC. (IMPRINT)
Place of publication New York, USA
Name of publisher Harper Collins
Year of publication 1993
300 ## - PHYSICAL DESCRIPTION
Number of Pages 2347
650 ## - SUBJECT ADDED ENTRY--TOPICAL TERM
Topical Term Bible
942 ## - ADDED ENTRY ELEMENTS (KOHA)
Koha item type Books

No items available.

                   Copyright © 2026 | Henry Martyn Institute | Hyderabad | TS-500052 | INDIA | Implemented by hmi.edu.in
Hit-Count:

Powered by Koha